El Estado neoliberal en El Salvador y los retos para el Gobierno del FMLN /

En las últimas dos décadas, El Salvador experimentó la implementación de un programa neoliberal que constituyó la piedra angular para la reconstitución de la estructura tradicional de poder donde la oligarquía nacional ha logrado consolidarse. En este contexto, la antigua oligarquía cafetalera se ha...

Descripción completa

Detalles Bibliográficos
Autor principal: Beltrán, Santos
Formato: Analitica de revista
Lenguaje:inglés
Publicado: Santiago, Chile Arcis 2010
Acceso en línea:

MARC

LEADER 00000cab a2200000 a 4500
001 024649
003 UAHC_CL
005 20170817110746.0
008 120306b2006 xx j 000 1 eng
952 |0 0  |1 0  |4 0  |6 AMERICA_LATINA10_11_000000000000000  |7 0  |8 General  |9 49221  |a BC  |b BC  |c General  |d 2017-08-03  |l 0  |o AMERICA LATINA-10/11  |p FICTICIO260  |r 2019-01-08 00:00:00  |t 1  |w 2017-08-03  |y REVA 
999 |c 24649  |d 24649 
022 |a 07177097 
040 |a UAHC_CL  |c UAHC_CL  |d UAHC_CL 
100 1 |a Beltrán, Santos 
245 1 3 |a El Estado neoliberal en El Salvador y los retos para el Gobierno del FMLN /  |c Carlos Velásquez Carrillo. 
260 |b Arcis  |a Santiago, Chile  |c 2010 
300 |a p. 161-202 
500 |a En: América Latina, n˚10, 2010. ISBN 07177097. p. 161-202. 
520 |a En las últimas dos décadas, El Salvador experimentó la implementación de un programa neoliberal que constituyó la piedra angular para la reconstitución de la estructura tradicional de poder donde la oligarquía nacional ha logrado consolidarse. En este contexto, la antigua oligarquía cafetalera se ha transformado en una clase financiera dentro del marco de una economía basada en las finanzas, los servicios-consumo, y las importaciones. La nueva oligarquía ha cambiado sus viejos fundamentos ideológicos, pero la estructura de poder se ha consolidado e incluso se ha agudizado. En marzo de 2009, el Frente Farabundo Martí para la Liberación Nacional (FMLN), el partido de la ex guerrilla, ganó el poder ejecutivo bajo la promesa de cambiar el rumbo del país. Dado que el neoliberalismo está encajado en el funcionamiento del Estado después de veinte años de implementación, los retos que afronta el FMLN se presentan complejos y hasta cierto punto abrumadores. 
773 0 |t América Latina : revista del doctorado en procesos sociales y políticos en América Latina  |w 024597 
900 |a AMERICA LATINA-10/11 
942 |c REVA  |2 ddc